00702nam a2200157 i 4500001000700000003000900007005001700016008004100033080002000074100004100094245008900135260005100224300002200275500009700297852015000394172987ES-MaACL20251011063154.0091002s1879 sp |||| | spa d a821.134.2-2"18"1 aCavestany, Juan Antonio, d1861-192413aEl casino b: drama en tres actos y en verso / coriginal de Juan Antonio Cavestany. aMadrid : b[s.n.], c1879 (fImp. de Fortanet) a199 p. ; c18 cm. aEn port.: Representado por primera vez en el Teatro de Apolo... el día 9 de enero de 1879. aES-MaACLjF-8601(5) q.- Falto de la cub. original zEnc. en vol. facticio formando parte de la col. facticia "Teatro español moderno", vol. 54